00390nam a2200121Ia 4500008004100000040004400041100002200085245007900107260003500186300001200221700002000233999001500253180412s9999||||xx |||||||||||||| ||und|| aAhmadu Bello University Library - Zaria aSmith, Kenneth M. 0aAdvances in virus research.cedited by Kenneth M. Smith and Max A. Lauffer aNew YorkbAcademic Pressc1972 avol. 17 aLauffer, Max A. c7872d7872